|
|
|
|
| LEADER |
01299nam a22003372a 4500 |
| 001 |
001169624 |
| 003 |
CZ BrMZK |
| 005 |
20120322141152.0 |
| 007 |
ta |
| 008 |
110920s1979 xo af er|||||||||||slo d |
| 040 |
|
|
|a PNA001
|b cze
|d BOA001
|
| 041 |
1 |
|
|a slo
|h ger
|
| 080 |
9 |
|
|a 830(430.2)-312.6=854
|
| 100 |
1 |
|
|a Stoll, Heinrich Alexander,
|d 1910-1977
|7 jx20050525016
|4 aut
|
| 245 |
1 |
0 |
|a Sen o Tróji /
|c Heinrich Stoll ; z nemeckeho originálu ... preložila Eva Mládeková ; Homérove verše preložil Miloslav Okál
|
| 250 |
|
|
|a 1. vyd.
|
| 260 |
|
|
|a Bratislava :
|b Tatran,
|c 1979
|
| 300 |
|
|
|a 359 s., obr. příl. :
|b il.
|
| 490 |
1 |
|
|a Osudy slávnych ;
|v zv. 8
|
| 504 |
|
|
|a Obsahuje bibliografii
|
| 520 |
2 |
|
|a Dokumentárně pojatý životopis proslulého německého astrologa Heinricha Schliemanna.
|
| 600 |
1 |
7 |
|a Schliemann, Heinrich,
|d 1822-1890
|7 jn19990007630
|2 czenas
|
| 653 |
0 |
|
|a němečtí archeologové
|a život
|a dílo
|a Troja
|
| 700 |
1 |
|
|a Mládeková, Eva,
|d 1949-
|7 xx0023790
|4 trl
|
| 700 |
1 |
|
|a Okál, Miloslav,
|d 1913-1997
|7 jn20000810323
|4 trl
|
| 765 |
0 |
|
|t Traum von Troja
|9 Slovensky
|
| 830 |
|
0 |
|a Osudy slávnych
|
| 910 |
|
|
|a BOA001
|b 2-0805.233
|
| 990 |
|
|
|a BK
|
| 991 |
|
|
|b 201109
|
| 996 |
7 |
|
|b 2619431574
|c 2-0805.233
|l MZK
|r Sklad / do 1 hodiny
|n 1
|w 001203105
|u 000010
|a 1
|e BOA001
|j MZK50
|s A
|